000 00659nam a2200217 a 4500
999 _c4099
_d4099
001 4099
003 BD-JhCC
005 20171123093858.0
008 171122s1986 bg ||||| |||| 00| 0 ben d
035 _a(BD-JhCC)4099
040 _aBD-JhCC
_dBD-JhCC
041 _aben
082 _a891.44
_bRAY 1986
100 _aরায়, সত্যজিৎ
245 _aপিকুল ডায়রি ও অন্যান্য /
_cসত্যজিৎ রায়
260 _aঢাকা :
_bনওরোজ কিতাবিস্তান,
_c1986.
300 _a95 p. :
_c21 cm.
650 _aDetactive Novel
942 _2ddc
_cBK